| 000 | 00711nam a22001935i 4500 | ||
|---|---|---|---|
| 001 | 162603 | ||
| 003 | ES-MaACL | ||
| 005 | 20230906212549.0 | ||
| 008 | 940301s1899 fr |||| | fre d | ||
| 040 |
_aCAM _bspa |
||
| 100 | 1 |
_aProal, Louis. _994009 |
|
| 245 | 1 | 3 |
_aLe crime et la peine / _cpar Louis Proal... |
| 250 | _a3\sa\p col. rev. | ||
| 260 |
_aParis : _bFélix Alcan, _c1899. |
||
| 300 |
_aXXXVI, 548, 32 p. ; _c23 cm. |
||
| 650 | 4 |
_aDelitos. _9166054 |
|
| 700 | 1 | 1 |
_aAlcan, Felix, _eed. _9125590 |
| 852 |
_aES-MaACL _jB-7034 _z-- Enc. hol., conservando la cub. original _x-- Edic.: corregir T250 3e éd. rev. _x-- Edic.: este ejemp. no tiene al final 32 p. ¿No serán pp. de propaganda editorial? |
||
| 999 |
_c162603 _d162603 |
||